000 00624nam a2200229 a 4500
001 59926
003 BD-RjUL
005 20211209080801.0
008 161227s1927 enk 000 0 eng d
035 _a(BD-RjUL)60050
040 _aSOI
_cSOI
_dOCL
_dEQO
_dBD-RjUL
_beng
041 _aeng
082 _223
_a297.63
_bDIM 1927
100 1 _aDibble, R. F.
_9179596
245 1 0 _aMohammed /
_cby R. F. Dibble
260 _aLondon :
_bHutchinson & Co,
_c[1927]
300 _a254 p. ;
_c19 cm.
600 0 0 _aMuḼammad,
_cProphet,
_d-632.
_9226291
650 _aSaudi Arabia
_9178261
650 _aMuslims
_9178262
942 _2ddc
_cBK
999 _c59926
_d59926